Statistics for Philadelphia Flyers Greatest All-Time Roster

Click here to take the quiz!

General Stats

  • This quiz has been taken 63 times
  • The average score is 10 of 20

Answer Stats

HintAnswer% Correct
CenterBobby Clarke
92%
Left WingClaude Giroux
91%
CenterEric Lindros
87%
GoaltenderBernie Parent
83%
GoaltenderRon Hextall
83%
Left WingJohn LeClair
72%
Left WingBill Barber
62%
Right WingMark Recchi
57%
DefensemanMark Howe
51%
Right WingReggie Leach
45%
DefensemanÉric Desjardins
43%
Right WingJakub Voráček
36%
Left WingBrian Propp
34%
CenterRick MacLeish
32%
DefensemanKimmo Timonen
30%
CenterRod Brind'Amour
28%
Right WingTim Kerr
26%
DefensemanAndré Dupont
19%
DefensemanJim Watson
19%
DefensemanJoe Watson
19%

Score Distribution

Percentile by Number Answered

Percent of People with Each Score

Your Score History

You have not taken this quiz